[Event "CAN op"]
[Site "Calgary CAN"]
[Date "2023.07.27"]
[Round "7.46"]
[White "Sasata, Alexander"]
[Black "Russell, Wesley"]
[Result "1-0"]
[WhiteElo "1736"]
[BlackElo "1723"]
[PlyCount "49"]
[EventDate "2023.07.22"]
[EventType "swiss"]
[EventRounds "10"]
[EventCountry "CAN"]

1. d4 d5 2. c4 e6 3. Nc3 Be7 4. cxd5 exd5 5. Bf4 Nf6 6. e3 O-O 7. Bd3 b6 8. h3
c5 9. Nf3 Nc6 10. O-O Be6 11. Qe2 Rc8 12. Ba6 cxd4 13. exd4 Qd7 14. Bxc8 Rxc8
15. Rfe1 Bf5 16. a3 Ne4 17. Rac1 Re8 18. Qb5 Rd8 19. Nxe4 dxe4 20. Qxc6 exf3
21. Qxd7 Rxd7 22. Rc8+ Bf8 23. Ree8 g5 24. Rxf8+ Kg7 25. Bxg5 1-0

[Event "CAN op"]
[Site "Calgary CAN"]
[Date "2023.07.27"]
[Round "7.47"]
[White "Chacon, Jose Eduardo"]
[Black "Miller, Brian"]
[Result "1-0"]
[WhiteElo "1983"]
[BlackElo "1677"]
[PlyCount "91"]
[EventDate "2023.07.22"]
[EventType "swiss"]
[EventRounds "10"]
[EventCountry "CAN"]

1. d4 c5 2. d5 e5 3. dxe6 dxe6 4. Qxd8+ Kxd8 5. Nf3 Nc6 6. Bf4 Nf6 7. Nc3 a6 8.
a4 Bd7 9. e4 Be7 10. h3 Rc8 11. O-O-O h6 12. g4 g5 13. Bg3 Ke8 14. Be2 Nh7 15.
Rd2 Nf8 16. Rhd1 f6 17. Bc4 e5 18. Nd5 Nd4 19. Nxd4 cxd4 20. Bb3 Be6 21. Kb1
Kf7 22. Rd3 Nd7 23. Nxe7 Kxe7 24. Bxe6 Kxe6 25. f3 Nc5 26. Ra3 b6 27. b4 Nb7
28. Be1 Rc4 29. c3 Rd8 30. cxd4 Rdxd4 31. Rxd4 Rxd4 32. Kc2 Nd6 33. Rd3 b5 34.
Rxd4 exd4 35. axb5 axb5 36. Kd3 Nc4 37. Kxd4 Ne5 38. Kc5 Nxf3 39. Bc3 Ng1 40.
Kxb5 Nxh3 41. Kc6 Nf2 42. b5 Nxe4 43. Bb4 h5 44. b6 hxg4 45. b7 f5 46. b8=Q 1-0

[Event "CAN op"]
[Site "Calgary CAN"]
[Date "2023.07.27"]
[Round "7.48"]
[White "Ashley, Mathew"]
[Black "Williamson, Jason"]
[Result "0-1"]
[WhiteElo "1709"]
[BlackElo "1890"]
[PlyCount "38"]
[EventDate "2023.07.22"]
[EventType "swiss"]
[EventRounds "10"]
[EventCountry "CAN"]

1. c4 e5 2. g3 Nf6 3. Bg2 d5 4. cxd5 Nxd5 5. Nf3 Nc6 6. O-O Be6 7. b3 Bc5 8.
Bb2 f6 9. d3 Qd7 10. Nbd2 h5 11. Rc1 Bb6 12. Ne4 O-O-O 13. Nc5 Bxc5 14. Rxc5 h4
15. Nxh4 g5 16. Nf5 Qh7 17. h3 Bxf5 18. Rxd5 Rxd5 19. Bxd5 Qxh3 0-1

[Event "CAN op"]
[Site "Calgary CAN"]
[Date "2023.07.27"]
[Round "7.49"]
[White "Aird, Ian"]
[Black "Lu, Aiden"]
[Result "1/2-1/2"]
[WhiteElo "1881"]
[BlackElo "1561"]
[PlyCount "55"]
[EventDate "2023.07.22"]
[EventType "swiss"]
[EventRounds "10"]
[EventCountry "CAN"]

1. Nf3 d5 2. g3 Nf6 3. Bg2 c6 4. O-O Bf5 5. c4 e6 6. Qb3 Qb6 7. d3 Nbd7 8. cxd5
Qxb3 9. axb3 cxd5 10. Be3 Bc5 11. Bxc5 Nxc5 12. b4 Na6 13. b5 Nc7 14. Nc3 O-O
15. Rfc1 Rfc8 16. Ne5 Rab8 17. e4 dxe4 18. dxe4 Bg6 19. Nxg6 hxg6 20. Rd1 a6
21. b6 Na8 22. Na4 Rc4 23. e5 Ne4 24. Rd7 Rxa4 25. Rxa4 Nxb6 26. Rxb7 Rxb7 27.
Rxe4 Nd5 28. Ra4 1/2-1/2

[Event "CAN op"]
[Site "Calgary CAN"]
[Date "2023.07.27"]
[Round "7.50"]
[White "Alpuri, Aaqil"]
[Black "Hawkshaw, Kevin"]
[Result "0-1"]
[WhiteElo "1704"]
[BlackElo "1840"]
[PlyCount "158"]
[EventDate "2023.07.22"]
[EventType "swiss"]
[EventRounds "10"]
[EventCountry "CAN"]

1. d4 d5 2. c4 c6 3. Nc3 Nf6 4. Nf3 dxc4 5. a4 Bf5 6. e3 e6 7. Bxc4 Bb4 8. Qe2
Bg4 9. Bd2 O-O 10. h3 Bxf3 11. Qxf3 Nbd7 12. O-O e5 13. Rad1 Nb6 14. Bb3 exd4
15. Ne2 Qe7 16. Nxd4 Bxd2 17. Rxd2 Qb4 18. Qd1 Rad8 19. Qc2 c5 20. Nf3 c4 21.
Ba2 Qxa4 22. Qxa4 Nxa4 23. Bxc4 Rxd2 24. Nxd2 Rd8 25. b3 Rxd2 26. bxa4 Rc2 27.
Rd1 Kf8 28. Rd4 Ke7 29. g3 Rb2 30. Bf1 Nd7 31. Bb5 Ne5 32. Kg2 a6 33. Bf1 f6
34. g4 h6 35. Kg3 Nc6 36. Rc4 Rb4 37. Kf4 Rxc4+ 38. Bxc4 Ne5 39. Be2 Nd7 40.
Kf5 Kf8 41. f4 Nc5 42. Bd1 b5 43. axb5 axb5 44. e4 Kf7 45. g5 g6+ 46. Kg4 hxg5
47. fxg5 Nxe4 48. gxf6 Kxf6 49. Bc2 Nc5 50. h4 b4 51. h5 gxh5+ 52. Kxh5 Ke5 53.
Kg4 Kd4 54. Kf3 Kc3 55. Bh7 b3 56. Ke2 b2 57. Bg6 Na6 58. Bh7 Nb4 59. Bb1 Kb3
60. Kd2 Na2 61. Bh7 Nb4 62. Bg6 Nd5 63. Bh7 Nb6 64. Bg6 Nc4+ 65. Ke2 Kc3 66.
Bh7 Na5 67. Bg6 Nc6 68. Bh7 Nb4 69. Bb1 Nc2 70. Kd1 Ne3+ 71. Ke2 Nc4 72. Kd1
Nd2 73. Bc2 Nc4 74. Bb1 Ne3+ 75. Ke2 Nc4 76. Kd1 Kb3 77. Ke2 Na3 78. Bh7 Nc2
79. Bg8+ Ka3 0-1

[Event "CAN op"]
[Site "Calgary CAN"]
[Date "2023.07.27"]
[Round "7.51"]
[White "Giles, Patrick"]
[Black "Quiring, John"]
[Result "1-0"]
[WhiteElo "1653"]
[BlackElo "1799"]
[PlyCount "55"]
[EventDate "2023.07.22"]
[EventType "swiss"]
[EventRounds "10"]
[EventCountry "CAN"]

1. Nf3 b6 2. d4 Nf6 3. c4 e6 4. Bg5 Bb7 5. e3 Bb4+ 6. Nc3 O-O 7. Bd3 d5 8. cxd5
exd5 9. O-O Nbd7 10. Ne5 Bxc3 11. Nxd7 Qxd7 12. Bxf6 gxf6 13. Qh5 Rfe8 14.
Qxh7+ Kf8 15. bxc3 Ke7 16. Qh5 Rh8 17. Qf3 Rag8 18. Bf5 Qd8 19. g3 Rg5 20. Kg2
Bc8 21. Bxc8 Qxc8 22. Rh1 Qh3+ 23. Kg1 Rf5 24. Qg2 Qg4 25. Re1 a5 26. e4 Rf3
27. h3 dxe4 28. hxg4 1-0

[Event "CAN op"]
[Site "Calgary CAN"]
[Date "2023.07.27"]
[Round "7.52"]
[White "Wong, Ford"]
[Black "Yang, Vincent"]
[Result "0-1"]
[WhiteElo "1721"]
[BlackElo "1670"]
[PlyCount "48"]
[EventDate "2023.07.22"]
[EventType "swiss"]
[EventRounds "10"]
[EventCountry "CAN"]

1. d4 d5 2. c4 c6 3. Nf3 Nf6 4. Nc3 Bf5 5. cxd5 cxd5 6. Ne5 Nc6 7. Nxc6 bxc6 8.
Qa4 Qc7 9. Bf4 Qb6 10. e3 e6 11. a3 Be7 12. Rc1 O-O 13. b4 Rfc8 14. Ba6 Rd8 15.
O-O Bd6 16. Ne2 Bxf4 17. Rxc6 Bxh2+ 18. Kxh2 Qb8+ 19. Kg1 e5 20. Rfc1 Bd7 21.
Bb5 a6 22. Bxa6 Bxc6 23. Qxc6 Rd6 24. Qb7 Rdxa6 0-1

[Event "CAN op"]
[Site "Calgary CAN"]
[Date "2023.07.27"]
[Round "7.53"]
[White "Aluko, Olanrewaju"]
[Black "McCoshen, Ricky"]
[Result "0-1"]
[WhiteElo "1640"]
[BlackElo "1717"]
[PlyCount "88"]
[EventDate "2023.07.22"]
[EventType "swiss"]
[EventRounds "10"]
[EventCountry "CAN"]

1. d4 g6 2. e3 Nf6 3. f4 d5 4. Nf3 c5 5. c3 Nc6 6. Bd3 Bf5 7. O-O c4 8. Bc2 e6
9. Nbd2 Bd6 10. h3 h5 11. Ne5 Qc7 12. b3 b5 13. bxc4 bxc4 14. Ba4 Bxe5 15. fxe5
Nd7 16. Ba3 Nb6 17. Bd6 Qd7 18. Bc2 Bxc2 19. Qxc2 f5 20. Nf3 Nd8 21. a4 Nf7 22.
Bc5 Nc8 23. Nh4 Rg8 24. a5 Ng5 25. Nf3 Ne4 26. Ba3 Ne7 27. Rfb1 Nc6 28. a6 Na5
29. Bb4 Nb3 30. Rxb3 cxb3 31. Qxb3 g5 32. c4 g4 33. hxg4 hxg4 34. Nd2 Nxd2 35.
Bxd2 Kf7 36. c5 Rab8 37. Qd1 Qc6 38. Qf1 Rh8 39. Qf4 Rh5 40. Qg3 Qb5 41. Ra5
Qd3 42. Be1 Rbh8 43. Ra2 Rh1+ 44. Kf2 Rf1# 0-1

[Event "CAN op"]
[Site "Calgary CAN"]
[Date "2023.07.27"]
[Round "7.54"]
[White "Yu, Ryan"]
[Black "Zou, Alex"]
[Result "1/2-1/2"]
[WhiteElo "1540"]
[BlackElo "1742"]
[PlyCount "154"]
[EventDate "2023.07.22"]
[EventType "swiss"]
[EventRounds "10"]
[EventCountry "CAN"]

1. e4 c5 2. c3 Nf6 3. e5 Nd5 4. d4 cxd4 5. Nf3 e6 6. cxd4 Nc6 7. a3 a6 8. Bd3
d6 9. O-O b5 10. Be4 Bb7 11. Ng5 dxe5 12. dxe5 Nxe5 13. Re1 Ng6 14. Qh5 Nf6 15.
Qf3 Bxe4 16. Nxe4 Nxe4 17. Qxe4 Rc8 18. Nc3 Bc5 19. Qb7 O-O 20. Ne4 Bd4 21.
Qxa6 Qd5 22. Rb1 Rfd8 23. a4 bxa4 24. Qxa4 f5 25. Ng5 Nh4 26. Nf3 Nxf3+ 27.
gxf3 Qxf3 28. Be3 Qg4+ 29. Kh1 Qf3+ 30. Kg1 Be5 31. Qa6 Qg4+ 32. Kh1 Qf3+ 33.
Kg1 Qg4+ 34. Kh1 Qe4+ 35. Kg1 Qd5 36. Bg5 Rf8 37. Qe2 Rc5 38. Be7 Rfc8 39. Bxc5
Rxc5 40. Rbd1 Qe4 41. Qxe4 fxe4 42. Rxe4 Bxb2 43. Rxe6 Kf7 44. Rb6 Bf6 45. Rd7+
Kg6 46. Kg2 Rc3 47. f3 Rc5 48. Ra6 Rg5+ 49. Kf2 Rh5 50. Kg1 Rg5+ 51. Kf1 Rf5
52. Rd3 Rh5 53. Ra2 Rh3 54. Rg2+ Kf7 55. Ke2 Rh5 56. f4 Ra5 57. Kf3 h6 58. Rg4
Ra2 59. h3 Rh2 60. Kg3 Ra2 61. f5 Ra5 62. Rd7+ Ke8 63. Rb7 Rxf5 64. Ra4 Rd5 65.
Ra8+ Rd8 66. Rxd8+ Kxd8 67. Kg4 Ke8 68. Kf5 Kf8 69. Kg6 Ke8 70. Rf7 Bd4 71. h4
Bf6 72. h5 Bd4 73. Rb7 Bf6 74. Rf7 Bd4 75. Rf1 Bf6 76. Rb1 Be5 77. Rb7 Kf8
1/2-1/2

[Event "CAN op"]
[Site "Calgary CAN"]
[Date "2023.07.27"]
[Round "7.55"]
[White "Koo, Minjun"]
[Black "Gibson, Leroy"]
[Result "1-0"]
[WhiteElo "1661"]
[BlackElo "1686"]
[PlyCount "89"]
[EventDate "2023.07.22"]
[EventType "swiss"]
[EventRounds "10"]
[EventCountry "CAN"]

1. d4 e6 2. Nc3 d5 3. Bf4 Bd6 4. e3 Nf6 5. Nf3 O-O 6. Ne5 Nbd7 7. Be2 h6 8. O-O
a6 9. a3 Qe7 10. Qd2 c5 11. Rad1 Bxe5 12. dxe5 Nh7 13. Bg3 f5 14. exf6 Ndxf6
15. e4 d4 16. e5 Nd7 17. Ne4 Nb6 18. Qa5 Nd7 19. Qc7 Qd8 20. Qd6 b6 21. Qxe6+
Kh8 22. Nd6 Nb8 23. Nf7+ Rxf7 24. Qxf7 Ng5 25. Qg6 Be6 26. Bf4 Bf7 27. Bxg5 Qe8
28. Qe4 Nc6 29. Bd3 Bg8 30. Qh4 Ra7 31. Rfe1 Bh7 32. Bxh7 Kxh7 33. Qe4+ Kh8 34.
Bh4 Qe6 35. Rd3 Rf7 36. Rf3 Rxf3 37. Qxf3 c4 38. Qf8+ Kh7 39. Qd6 Qe8 40. e6 d3
41. cxd3 cxd3 42. Qxd3+ Kh8 43. Qd7 Qa8 44. e7 Nxe7 45. Rxe7 1-0

[Event "CAN op"]
[Site "Calgary CAN"]
[Date "2023.07.27"]
[Round "7.56"]
[White "Rohatynski, Jordan"]
[Black "Ntete, Cally"]
[Result "0-1"]
[WhiteElo "1671"]
[BlackElo "1650"]
[PlyCount "52"]
[EventDate "2023.07.22"]
[EventType "swiss"]
[EventRounds "10"]
[EventCountry "CAN"]

1. e4 c5 2. b3 Nc6 3. Nf3 d6 4. Bc4 Nf6 5. d3 Bg4 6. h3 Bh5 7. g4 Bg6 8. Nh4
Qd7 9. f4 h6 10. Nxg6 fxg6 11. Bb2 e6 12. a4 a6 13. Qe2 O-O-O 14. e5 dxe5 15.
Bxe5 Nxe5 16. Qxe5 Bd6 17. Qe3 Nd5 18. Qf3 Bxf4 19. Bxd5 Qxd5 20. Rf1 g5 21.
Nd2 Rhf8 22. Qxd5 exd5 23. O-O-O d4 24. Kb2 Bxd2 25. Rxf8 Bc3+ 26. Ka2 Rxf8 0-1

[Event "CAN op"]
[Site "Calgary CAN"]
[Date "2023.07.27"]
[Round "7.57"]
[White "Gokhale, Tanishka"]
[Black "Raman, Shanker"]
[Result "1/2-1/2"]
[WhiteElo "1543"]
[BlackElo "1601"]
[PlyCount "71"]
[EventDate "2023.07.22"]
[EventType "swiss"]
[EventRounds "10"]
[EventCountry "CAN"]

1. e4 d5 2. exd5 Qxd5 3. Nc3 Qa5 4. d4 c6 5. Nf3 Nf6 6. Bd3 Bg4 7. h3 Bh5 8.
O-O e6 9. Bf4 Nbd7 10. a3 Be7 11. Be2 O-O 12. Ne5 Bxe2 13. Qxe2 Nxe5 14. Bxe5
Rfd8 15. Ne4 Nxe4 16. Qxe4 Qd2 17. Rad1 Qg5 18. Rd3 Qg6 19. Qxg6 hxg6 20. Rfd1
Rd7 21. c3 Rad8 22. Kf1 c5 23. Ke2 cxd4 24. Rxd4 Rxd4 25. Rxd4 Rxd4 26. Bxd4 a6
27. Kd3 f5 28. b4 Kf7 29. a4 Bd6 30. f3 e5 31. Bf2 g5 32. b5 axb5 33. axb5 Ke6
34. c4 Be7 35. Be3 g6 36. Bf2 1/2-1/2

[Event "CAN op"]
[Site "Calgary CAN"]
[Date "2023.07.27"]
[Round "7.58"]
[White "Todd, Nick"]
[Black "Sklenka, Steve"]
[Result "1-0"]
[WhiteElo "1525"]
[BlackElo "1550"]
[PlyCount "53"]
[EventDate "2023.07.22"]
[EventType "swiss"]
[EventRounds "10"]
[EventCountry "CAN"]

1. Nf3 Nf6 2. c4 c5 3. Nc3 d6 4. g3 g6 5. Bg2 Bg7 6. O-O O-O 7. Rb1 Nc6 8. e3
Bf5 9. d3 Bg4 10. h3 Bd7 11. a3 Rb8 12. Re1 Qc8 13. Kh2 a6 14. d4 e6 15. b4 b6
16. b5 Ne7 17. e4 a5 18. e5 dxe5 19. dxe5 Ne8 20. Ne4 f5 21. Nd6 Nxd6 22. exd6
Qd8 23. dxe7 Qxe7 24. Bf4 Rbd8 25. Bd6 Bc8 26. Bxe7 Rxd1 27. Rbxd1 1-0

[Event "CAN op"]
[Site "Calgary CAN"]
[Date "2023.07.27"]
[Round "7.59"]
[White "Tcherni, Avram"]
[Black "Wilson, Kim"]
[Result "1-0"]
[WhiteElo "1701"]
[BlackElo "1701"]
[PlyCount "35"]
[EventDate "2023.07.22"]
[EventType "swiss"]
[EventRounds "10"]
[EventCountry "CAN"]

1. e4 c5 2. Nf3 d6 3. Bb5+ Bd7 4. Bxd7+ Nxd7 5. c4 Ngf6 6. Nc3 g6 7. O-O Bg7 8.
Re1 O-O 9. d4 cxd4 10. Nxd4 Ne5 11. b3 Nc6 12. Nf3 Nxe4 13. Rxe4 Bxc3 14. Rb1
Bg7 15. Bg5 h6 16. Bh4 g5 17. Bxg5 hxg5 18. Nxg5 1-0

[Event "CAN op"]
[Site "Calgary CAN"]
[Date "2023.07.28"]
[Round "8.1"]
[White "Mikhalevski, Victor"]
[Black "Komarov, Dimittri"]
[Result "1/2-1/2"]
[WhiteElo "2599"]
[BlackElo "2524"]
[PlyCount "48"]
[EventDate "2023.07.22"]
[EventType "swiss"]
[EventRounds "10"]
[EventCountry "CAN"]

1. c4 c5 2. Nf3 Nc6 3. Nc3 e5 4. e3 Nf6 5. d4 e4 6. d5 exf3 7. dxc6 dxc6 8.
Qxd8+ Kxd8 9. gxf3 g6 10. b3 Bg7 11. Bb2 Ke7 12. O-O-O Be6 13. Bd3 Rhd8 14. Ne2
Nh5 15. Ba3 b6 16. Ng3 Nf6 17. Bb2 Rd7 18. h4 Rad8 19. Be2 Rxd1+ 20. Bxd1 h5
21. Be5 Bh8 22. Rg1 Nd7 23. Bxh8 Rxh8 24. Be2 Nf6 1/2-1/2

[Event "CAN op"]
[Site "Calgary CAN"]
[Date "2023.07.28"]
[Round "8.2"]
[White "Shirov, Alexei"]
[Black "Bareev, Evgeny"]
[Result "1-0"]
[WhiteElo "2726"]
[BlackElo "2721"]
[PlyCount "53"]
[EventDate "2023.07.22"]
[EventType "swiss"]
[EventRounds "10"]
[EventCountry "CAN"]

1. e4 c6 2. d4 d5 3. e5 Bf5 4. h4 h5 5. Bd3 Bxd3 6. Qxd3 Qa5+ 7. Nd2 e6 8. Ngf3
Qa6 9. c4 Nh6 10. O-O Nd7 11. b3 Nf5 12. a4 Rd8 13. Qc2 Be7 14. Ba3 Bxa3 15.
Rxa3 Qb6 16. a5 Nxd4 17. axb6 Nxc2 18. Rxa7 Rb8 19. c5 Nb4 20. Ra4 Nd3 21. b4
Ke7 22. Nb3 Rhd8 23. Ra7 N7xe5 24. Nxe5 Nxe5 25. Na5 Rd7 26. Ra1 Nc4 27. Rxb7
1-0

[Event "CAN op"]
[Site "Calgary CAN"]
[Date "2023.07.28"]
[Round "8.5"]
[White "Gao, Raymond"]
[Black "Banerjee, Bitan"]
[Result "1/2-1/2"]
[WhiteElo "2222"]
[BlackElo "2495"]
[PlyCount "152"]
[EventDate "2023.07.22"]
[EventType "swiss"]
[EventRounds "10"]
[EventCountry "CAN"]

1. e4 c5 2. Nf3 Nc6 3. Bb5 g6 4. O-O Bg7 5. Re1 Nf6 6. c3 O-O 7. h3 Qb6 8. a4
d5 9. e5 Ne8 10. d4 cxd4 11. cxd4 Nc7 12. Nc3 a5 13. Bg5 f6 14. exf6 exf6 15.
Bf4 Nb4 16. Qb3 Rd8 17. Re2 g5 18. Bxc7 Qxc7 19. Rae1 Bf5 20. Nxd5 Nxd5 21. Bc4
Qc6 22. g4 Rac8 23. Re8+ Rxe8 24. Bxd5+ Be6 25. Rxe6 Rxe6 26. Bxe6+ Kf8 27.
Bxc8 Qxc8 28. Qb6 h5 29. Qc5+ Qxc5 30. dxc5 hxg4 31. hxg4 f5 32. Nxg5 fxg4 33.
Ne6+ Kf7 34. Nd8+ Ke7 35. Nxb7 Bxb2 36. Nxa5 Kd7 37. Kf1 Bc3 38. Nb3 Kc6 39.
Ke2 Bb4 40. Ke3 Be1 41. Nc1 g3 42. fxg3 Bxg3 43. Nb3 Kd5 44. a5 Kc4 45. a6 Bb8
46. Ke4 Kb5 47. Kd5 Kxa6 48. Ke6 Kb5 49. Kd5 Bh2 50. Nd4+ Ka6 51. Ke6 Ka5 52.
Kd7 Kb4 53. c6 Kc5 54. Ne6+ Kd5 55. Nc7+ Kc5 56. Ne8 Kd5 57. Ng7 Kc5 58. Nf5
Kd5 59. Ne7+ Kc5 60. Ke6 Bg3 61. Kd7 Bh2 62. Nf5 Kd5 63. Nh4 Kc5 64. Nf3 Bf4
65. Ng5 Bh2 66. Nh3 Kd5 67. Ng1 Kc5 68. Ne2 Kd5 69. Nc3+ Kc5 70. Nb1 Kd5 71.
Na3 Kc5 72. Nc2 Kd5 73. Na1 Kc4 74. Nc2 Kd5 75. Na1 Kc4 76. c7 Bxc7 1/2-1/2

[Event "CAN op"]
[Site "Calgary CAN"]
[Date "2023.07.28"]
[Round "8.7"]
[White "Yam, Alex"]
[Black "Campbell, Ryan"]
[Result "0-1"]
[WhiteElo "2362"]
[BlackElo "2228"]
[PlyCount "64"]
[EventDate "2023.07.22"]
[EventType "swiss"]
[EventRounds "10"]
[EventCountry "CAN"]

1. d4 d5 2. Bf4 Nf6 3. e3 c5 4. c3 Nc6 5. Nd2 cxd4 6. exd4 Bf5 7. Qb3 Qc8 8.
Ngf3 e6 9. Nh4 Be4 10. f3 Bg6 11. g4 Be7 12. Bg3 Nd7 13. Ng2 h6 14. Nf4 Bh7 15.
h4 Bd6 16. Kf2 Qc7 17. Nh5 O-O 18. Re1 a6 19. Rg1 Rfe8 20. Re3 Rad8 21. Rg2 b5
22. g5 hxg5 23. hxg5 e5 24. Qxd5 Nb6 25. Qb3 Bg6 26. Ne4 Bxh5 27. Nxd6 Qxd6 28.
dxe5 Qc5 29. g6 Nd5 30. Bf4 Nxe5 31. Rg5 Bxg6 32. Ke2 Nxf4+ 0-1

[Event "CAN op"]
[Site "Calgary CAN"]
[Date "2023.07.28"]
[Round "8.8"]
[White "Zhu, Brandon"]
[Black "Ng, Gary"]
[Result "0-1"]
[WhiteElo "2084"]
[BlackElo "2349"]
[PlyCount "92"]
[EventDate "2023.07.22"]
[EventType "swiss"]
[EventRounds "10"]
[EventCountry "CAN"]

1. e4 c6 2. Nc3 d5 3. d3 g6 4. Qe2 Bg7 5. g3 d4 6. Nb1 e6 7. Bg2 Ne7 8. Nh3 O-O
9. f4 c5 10. O-O Nbc6 11. g4 f6 12. Nf2 f5 13. gxf5 gxf5 14. e5 Ng6 15. Bxc6
bxc6 16. c4 dxc3 17. bxc3 c4 18. d4 Qd5 19. Nd1 Ba6 20. Qg2 Qd7 21. Ba3 c5 22.
Bxc5 Bb7 23. Qg3 Rf7 24. Qh3 Qc6 25. Ne3 Bf8 26. Bxf8 Raxf8 27. Qg2 Qc8 28. Qg3
Rg7 29. Kf2 Nxe5 30. Qh4 Ng6 31. Qh6 Qb8 32. Ke2 Be4 33. Nxc4 Rc8 34. Nbd2 Rxc4
35. Nxc4 Qb5 36. Kd2 Qxc4 37. Qh3 Nxf4 38. Rxf4 Rg2+ 39. Qxg2+ Bxg2 40. Rg1 Kf7
41. Rh4 Qxa2+ 42. Ke3 h6 43. Rxh6 f4+ 44. Kd3 Qf2 45. Ra1 Bf1+ 46. Ke4 Qe3# 0-1

[Event "CAN op"]
[Site "Calgary CAN"]
[Date "2023.07.28"]
[Round "8.9"]
[White "Khodjimatov, Sherzod"]
[Black "Henry, Liam"]
[Result "0-1"]
[WhiteElo "2304"]
[BlackElo "2172"]
[PlyCount "64"]
[EventDate "2023.07.22"]
[EventType "swiss"]
[EventRounds "10"]
[EventCountry "CAN"]

1. e4 c5 2. Nc3 d6 3. d4 cxd4 4. Qxd4 Nc6 5. Qd2 g6 6. b3 Bg7 7. Bb2 Nf6 8.
O-O-O Be6 9. f4 Qa5 10. Kb1 Rc8 11. Nf3 Nb4 12. Ng5 Bg4 13. Be2 Bxe2 14. Qxe2
h6 15. a3 Nxc2 16. Qxc2 hxg5 17. b4 Qc7 18. Qa4+ Qd7 19. Qxa7 gxf4 20. Nd5 Nxd5
21. Bxg7 Nc3+ 22. Bxc3 Rxc3 23. Qd4 Rb3+ 24. Kc2 Qa4 25. Qxh8+ Kd7 26. Kd2 Qxa3
27. Ke1 Qxb4+ 28. Kf2 Rb2+ 29. Kf3 Qb3+ 30. Kg4 Rxg2+ 31. Kh4 g5+ 32. Kh5 Qh3#
0-1

[Event "CAN op"]
[Site "Calgary CAN"]
[Date "2023.07.28"]
[Round "8.10"]
[White "Kapra, Jerjis"]
[Black "Doknjas, Neil"]
[Result "1-0"]
[WhiteElo "2198"]
[BlackElo "2297"]
[PlyCount "55"]
[EventDate "2023.07.22"]
[EventType "swiss"]
[EventRounds "10"]
[EventCountry "CAN"]

1. e4 c5 2. Nc3 Nc6 3. Bb5 Nd4 4. Nf3 e6 5. O-O a6 6. Bd3 Nc6 7. a3 b5 8. a4 c4
9. axb5 cxd3 10. bxc6 dxc6 11. cxd3 Qxd3 12. Qa4 Bd7 13. Ne5 Qd6 14. d4 c5 15.
Nb5 Bxb5 16. Qxb5+ axb5 17. Rxa8+ Ke7 18. Bg5+ Nf6 19. Rfa1 Qb6 20. R1a7+ Qxa7
21. Rxa7+ Ke8 22. Ra8+ Ke7 23. dxc5 Rg8 24. f3 h6 25. Bd2 Nd5 26. exd5 exd5 27.
Kf1 g5 28. c6 1-0

[Event "CAN op"]
[Site "Calgary CAN"]
[Date "2023.07.28"]
[Round "8.12"]
[White "Yang, Ryan"]
[Black "Dorrance, Adam"]
[Result "0-1"]
[WhiteElo "2217"]
[BlackElo "2401"]
[PlyCount "78"]
[EventDate "2023.07.22"]
[EventType "swiss"]
[EventRounds "10"]
[EventCountry "CAN"]

1. e4 e6 2. Nf3 d5 3. exd5 exd5 4. d4 Bd6 5. Bd3 Nc6 6. c3 Bg4 7. h3 Bh5 8. Be3
Nge7 9. b4 f6 10. a4 Qd7 11. Nbd2 O-O 12. Nb3 b6 13. O-O Nf5 14. g4 Nxe3 15.
fxe3 Bg6 16. Bxg6 hxg6 17. Qd3 Ne7 18. Nh4 f5 19. gxf5 g5 20. Nf3 Rxf5 21. Nbd2
Raf8 22. e4 dxe4 23. Nxe4 Bf4 24. Nf2 Nd5 25. Ne5 Bxe5 26. dxe5 Rf3 27. Qd2
Rg3+ 28. Kh1 Rff3 29. Rfd1 Rxh3+ 30. Kg1 Rhg3+ 31. Kh1 c6 32. Rg1 Rh3+ 33. Nxh3
Rxh3+ 34. Qh2 Rxh2+ 35. Kxh2 Nf4 36. Kg3 Qd3+ 37. Kg4 Qh3+ 38. Kxg5 Ne6+ 39.
Kg6 Qh7# 0-1

[Event "CAN op"]
[Site "Calgary CAN"]
[Date "2023.07.28"]
[Round "8.15"]
[White "Singh Dhaliwal, Jaipreet"]
[Black "Reprintsev, Alexander"]
[Result "0-1"]
[WhiteElo "2028"]
[BlackElo "2320"]
[PlyCount "112"]
[EventDate "2023.07.22"]
[EventType "swiss"]
[EventRounds "10"]
[EventCountry "CAN"]

1. e4 d5 2. exd5 Qxd5 3. Nc3 Qd6 4. d4 c6 5. Bc4 Be6 6. d5 cxd5 7. Nxd5 Na6 8.
Bf4 Qc6 9. Qe2 O-O-O 10. Bxa6 Qxa6 11. Qxa6 bxa6 12. Nb4 Nf6 13. Ne2 Bd7 14.
Be3 e5 15. Nd3 Ng4 16. Bxa7 Kb7 17. Be3 Nxe3 18. fxe3 Bd6 19. e4 Bc6 20. Nc3 f5
21. O-O-O fxe4 22. Nf2 e3 23. Nfe4 Bb4 24. Rd3 Rxd3 25. cxd3 Rf8 26. Re1 Bxe4
27. dxe4 Bxc3 28. bxc3 Rf2 29. Rxe3 Rxg2 30. Rf3 Kc6 31. Rf7 Kb5 32. h3 Kc4 33.
Rc7+ Kd3 34. c4 Kxe4 35. Rd7 Rg3 36. Kc2 Rxh3 37. c5 g5 38. Rd6 Rf3 39. Rh6 Rf7
40. Rxa6 Rc7 41. c6 g4 42. Kd2 Kf3 43. Ke1 e4 44. Ra3+ e3 45. Rc3 h5 46. Kf1 h4
47. a4 h3 48. Rc5 h2 49. Rf5+ Kg3 50. Rh5 Rxc6 51. a5 Rc1+ 52. Ke2 h1=Q 53.
Rxh1 Rxh1 54. a6 Ra1 55. a7 Rxa7 56. Kf1 Kf3 0-1

[Event "CAN op"]
[Site "Calgary CAN"]
[Date "2023.07.28"]
[Round "8.16"]
[White "Soberov, Emil"]
[Black "Hoekman, Samuel"]
[Result "1-0"]
[WhiteElo "2280"]
[BlackElo "2005"]
[PlyCount "112"]
[EventDate "2023.07.22"]
[EventType "swiss"]
[EventRounds "10"]
[EventCountry "CAN"]

1. e4 e6 2. d4 d5 3. e5 c5 4. c3 Nc6 5. Nf3 Bd7 6. a3 c4 7. Be2 Na5 8. Nbd2 Bc6
9. Rb1 Qc7 10. O-O Ne7 11. Qe1 Ba4 12. Bd1 Bxd1 13. Qxd1 Nc8 14. Qa4+ Nc6 15.
b4 b5 16. Qc2 Nb6 17. Re1 h6 18. Nf1 a5 19. Ng3 Qa7 20. h4 axb4 21. cxb4 Na4
22. Ne2 Be7 23. Rd1 Nb6 24. Nc3 Qa6 25. h5 Na4 26. Ne2 Kd7 27. Nh2 Rag8 28. Ng4
Qa8 29. Nc3 Nxc3 30. Qxc3 Qa4 31. Rf1 Qa7 32. Rd1 Qa4 33. Be3 Ra8 34. Ra1 Ra7
35. Bd2 Rha8 36. Qf3 Ke8 37. Bc3 Qb3 38. Rdb1 Qc2 39. Rc1 Qd3 40. Qxd3 cxd3 41.
Bb2 Kd7 42. Rd1 d2 43. Ne3 f6 44. Nf1 fxe5 45. dxe5 Rf8 46. Rxd2 Rf5 47. Ng3
Rf8 48. Rc2 Bh4 49. Nf1 Rf5 50. g3 Be7 51. g4 Rg5 52. Ne3 Nxe5 53. f4 Nxg4 54.
fxg5 Nxe3 55. Re2 Bxg5 56. Bd4 Rc7 {illisible} 1-0

[Event "CAN op"]
[Site "Calgary CAN"]
[Date "2023.07.28"]
[Round "8.17"]
[White "Vasic, Maxim"]
[Black "Moses, Neil"]
[Result "1-0"]
[WhiteElo "2200"]
[BlackElo "1985"]
[PlyCount "83"]
[EventDate "2023.07.22"]
[EventType "swiss"]
[EventRounds "10"]
[EventCountry "CAN"]

1. c4 e5 2. Nc3 Nf6 3. Nf3 e4 4. Ng5 d5 5. cxd5 Bf5 6. Ngxe4 Nxe4 7. Nxe4 Qxd5
8. Nc3 Qe6 9. d4 Bd6 10. f3 c6 11. e4 O-O 12. Bd3 Bg6 13. O-O f5 14. Bc2 Qe7
15. e5 Bc7 16. f4 Rd8 17. Be3 Bb6 18. Rf2 Na6 19. g4 fxg4 20. Bxg6 hxg6 21.
Qb3+ Kh8 22. Ne4 Bxd4 23. Ng5 Nc5 24. Qc2 Bxe3 25. Qxg6 Qxg5 26. fxg5 Rf8 27.
Raf1 Rxf2 28. Rxf2 Rf8 29. e6 Rxf2 30. e7 Rf7+ 31. Kg2 Rxe7 32. Qh5+ Kg8 33. g6
Re8 34. Qh7+ Kf8 35. Qh8+ Ke7 36. Qxg7+ Kd6 37. Qh7 Nd7 38. g7 Nf6 39. Qd3+ Kc7
40. Qg6 Bd4 41. Qxe8 Nxe8 42. g8=Q 1-0

[Event "CAN op"]
[Site "Calgary CAN"]
[Date "2023.07.28"]
[Round "8.19"]
[White "Wang, Andy"]
[Black "Haessel, Dale"]
[Result "0-1"]
[WhiteElo "1960"]
[BlackElo "2201"]
[PlyCount "92"]
[EventDate "2023.07.22"]
[EventType "swiss"]
[EventRounds "10"]
[EventCountry "CAN"]

1. e4 e5 2. Nf3 Nc6 3. Bb5 a6 4. Ba4 Nf6 5. d3 d6 6. c3 g6 7. Nbd2 Bg7 8. O-O
O-O 9. Re1 Nd7 10. Nf1 Nc5 11. Bc2 Ne6 12. Ng3 Nf4 13. d4 Qf6 14. d5 Ne7 15.
Bxf4 Qxf4 16. c4 Bg4 17. Re3 h5 18. h3 Bd7 19. h4 Bg4 20. b4 a5 21. Qe1 axb4
22. Qxb4 b6 23. Nd2 Bd7 24. Nf3 Bg4 25. Nd2 Bh6 26. Nf3 Bxf3 27. Rxf3 Qxh4 28.
a4 Ra5 29. Raa3 Kg7 30. Qb1 Ng8 31. Rf5 Kh8 32. Rff3 Nf6 33. Nf1 Ng4 34. Qe1
Kg7 35. Rh3 Qe7 36. Ng3 Bf4 37. Bd1 Qg5 38. Rh1 Bd2 39. Qe2 Bb4 40. Rb3 Rxa4
41. Rb1 Bc5 42. Bxa4 Nxf2 43. Nxh5+ gxh5 44. Rxh5 Nxe4+ 45. Kh2 Qf4+ 46. Kh1
Ng3+ 0-1